| 000 | 00547nam a2200229Ia 4500 | ||
|---|---|---|---|
| 003 | OSt | ||
| 005 | 20231124152858.0 | ||
| 008 | 210210b1932 xxu||||| |||| 00| 0 eng d | ||
| 040 | _cAL | ||
| 041 | _aeng | ||
| 082 | _a825/172 | ||
| 100 |
_aCHASE (L N) _9143344 |
||
| 245 | _aPoe and his poetry | ||
| 260 |
_aLondon _bGeorge G Harpar & Co Ltd _c1932 |
||
| 650 |
_apoetry _9143345 |
||
| 650 |
_aPoe _9143346 |
||
| 650 |
_ahis _9143347 |
||
| 650 |
_aand _9143348 |
||
| 690 |
_aEnglish Criticism _9143349 |
||
| 906 | _a014489 | ||
| 942 |
_2ddc _cBK |
||
| 999 |
_c133672 _d133672 |
||